000 00823nam a2200217Ia 4500
003 GCL
008 140319s9999 xx 000 0 ara d
040 _aGCL /
_cGCL
082 0 4 _a214
_bع ت
100 1 _aعبدالغنى النابلسى، عبدالغنى بن اسماعيل، 1641-1731 م
245 1 0 _aتعطير الانام فى تعبير المنام /
_cعبدالغنى النابلسى، عبدالغنى بن اسماعيل، 1641-1731 م
700 1 _aهبة بيضون
700 1 _aمازن بيضون
250 _aالاولى
260 _aبيروت :
_bدار الكتب العلمية للنشر والتوزيع ،
_c1991
300 _a2 مج فى 1 ؛
_c24 سم
490 _a
650 0 4 _aالثقافة الاسلامية
650 0 4 _aالاحلام - تفسير
942 _2ddc
_cBK
999 _c55252
_d55252